LA HISTORIA INACABADA DEL EURO /

INCLUYE BIBLIOGRAFIA

I tiakina i:
Ngā taipitopito rārangi puna kōrero
Kaituhi matua: Montes, Pedro (autor)
Hōputu: Pukapuka
Rangatū:ESTRUCTURAS Y PROCESOS. SERIE CIENCIAS SOCIALES
Ngā marau:
Ngā Tūtohu: Tāpirihia he Tūtohu
Kāore He Tūtohu, Me noho koe te mea tuatahi ki te tūtohu i tēnei pūkete!

MARC

LEADER 00000nam^a2200000^a^4500
001 000247081
005 20250521000000.0
009 20260310105601.659
020 |a 84-8164-433-1 
035 |a 070743 
037 |a Acervo Xavier Clavigero 
082 |a 332. 4  |b MON 
100 |a Montes, Pedro  |e (autor) 
245 1 3 |a LA HISTORIA INACABADA DEL EURO /  |c PEDRO MONTES 
264 |a MADRID :  |b TROTTA,  |c 2001 
300 |a 201 p. 
336 |a texto  |b txt  |2 rdacontenido 
337 |a sin mediación  |b n  |2 rdamedio 
338 |a volumen  |b nc  |2 rdasoporte 
440 |a ESTRUCTURAS Y PROCESOS. SERIE CIENCIAS SOCIALES 
520 |a INCLUYE BIBLIOGRAFIA 
649 |a XX 
650 |a Integración Monetaria -  |z Europa 
650 |a Monedas Europeas 
650 |a Dinero 
910 |a Fondo General 
920 |a Impresos - Libros 
930 |a Colección General 
905 |a 101 
901 |a 070743  |b IT1  |c ACC  |i 070743  |u 20250521 
902 |a https://opac.biblio.iteso.mx/vufind/Record/000247081